000 002460000a22000970004500
100 1 _aSlater, Lucía
245 1 0 _aUna visión cristiana de arte
300 _aVol. 9, Núm 14 (2001), Páginas 51-58
773 0 _tTextos para la acción
942 _cANA
999 _c53153
_d53153